Educar para el siglo XXI: crecer, pensar y convivir en familia / Jesús A. Beltran LLera y Luz F. Pérez Sánchez (Registro nro. 2026)
[ vista simple ]
| 000 -LEADER | |
|---|---|
| fixed length control field | 00616nam a22002051a 4500 |
| 001 - CONTROL NUMBER | |
| control field | 2026 |
| 003 - CONTROL NUMBER IDENTIFIER | |
| control field | OSt |
| 005 - DATE AND TIME OF LATEST TRANSACTION | |
| control field | 20260204211756.0 |
| 008 - FIXED-LENGTH DATA ELEMENTS--GENERAL INFORMATION | |
| fixed length control field | 040123s2000||||sp ||||||b||||||||||spa|| |
| 020 ## - NUMERO DE LIBRO INTERNACIONAL NORMALIZADO | |
| International Standard Book Number | 8483163099 |
| 050 ## - LIBRARY OF CONGRESS CALL NUMBER | |
| Classification number | 376 B419e |
| 082 ## - DEWEY DECIMAL CLASSIFICATION NUMBER | |
| Classification number | 376 B419e |
| 100 ## - ASIENTO PRINCIPAL -- NOMBRE PERSONAL | |
| Personal name | Beltran Llera, Jesús A. |
| 245 ## - TÍTULO PROPIAMENTE DICHO: SUBTÍTULO | |
| Title | Educar para el siglo XXI: crecer, pensar y convivir en familia / Jesús A. Beltran LLera y Luz F. Pérez Sánchez |
| 264 ## - PRODUCTION, PUBLICATION, DISTRIBUTION, MANUFACTURE, AND COPYRIGHT NOTICE | |
| Place of production, publication, distribution, manufacture | España : CCS |
| 300 ## - PHYSICAL DESCRIPTION | |
| Extensión | 259 p. |
| 650 ## - ASIENTO SECUNDARIO DE MATERIA -- TERMINO TEMÁTICO | |
| Termino Temático Como Elemento de Entrada | 1.Educación Mixta 2.Educación del Hogar 3.Educación de Niño |
| 700 ## - ASIENTO SECUNDARIO -- NOMBRE PERSONAL | |
| Personal name | Pérez Sánchez, LuzÌ |
| 942 ## - ADDED ENTRY ELEMENTS (KOHA) | |
| Source of classification or shelving scheme | Dewey Decimal Classification |
| Koha item type | Libros |
| Withdrawn status | Lost status | Source of classification or shelving scheme | Damaged status | Not for loan | Current library | Date acquired | Total Checkouts | Full call number | Barcode | Date last seen | Price effective from | Koha item type |
|---|---|---|---|---|---|---|---|---|---|---|---|---|
| Dewey Decimal Classification | Biblioteca UTECO | 09/09/2019 | 376 B419E | 005964 | 09/09/2019 | 09/09/2019 | Libros | |||||
| Dewey Decimal Classification | Biblioteca UTECO | 09/09/2019 | 376 B419E | 005965 | 09/09/2019 | 09/09/2019 | Libros |
